1083 1086 1597 1190 1997 1561 1689 1116 1561 1642 1948 1700 1287 1502 1929 1067 1531 1197 1318 1663 1260 1048 1825 1562 1916 1559 1914 1468 1517 1547 1600 1458 1769 1258 1042 1401 1144 1252 1614 1355 1018 1391 1172 1132 1829 1135 1295 1560 1248 1150 1739 1593 1000 1854 1659 1142 1123 1608 1393 1986 1421 1650 1714 1780 1027 1251 1482 1651 1689 1096 1713 1024 1774 1132 1373 1388 1239 1510 1247 1914 1221 1042 1009 1186 1197 1045 1522 1747 1702 1462 1998 1870 1888 1188 1671 1410 1268 1595 1145 BCNSPRNW ULIB Ver.6.0+V

เปลี่ยนเป็นภาษาไทย

Change to English
 แสดงรายละเอียดบรรณานุกรม
  กลับหน้าหลัก

Brief Record : Get Marc (ISO 2709) : E-mail record : QR code < ปิดหน้าต่าง
LEADER : 00000nam 2200000uu 4500
001    13399126477
003     ULIB
008    180920s2014||||th 000 0 tha d
020    ^a9781107634619
050    ^aPE1127.M4^bL673U
100    ^aLewis Lansford
245    ^aUnlock Listening and Speaking Skills 4 Student s Book and Online Workbook /^cLewis Lansford
250    ^a3rd ed
260    ^aLondon :^bCambridge University Press,^c2014
300    ^a223 pages;^c26 cm
650    ^aListening
650  0 ^aSpeaking
945    ^p386^l0^i004651
999    ^aประนอม เกษจรัล
รายการนี้ยังไม่มีแท็ก
คุณยังไม่ได้ล็อกอิน คุณสามารถมีกิจกรรมร่วมกับเว็บไซต์ได้ แต่ต้องล็อกอินก่อน ::
  ล็อกอิน

รายการสื่อสารสนเทศ

ลำดับที่ ประเภท เลขเรียก/บาร์โค้ด สถานที่ สถานะ
1. การศึกษาทั่วไป
หนังสือสำรอง
สถานะ=หนังสือสำรอง
PE1127.M4 L673U ฉ.1 
  Barcode: 004651
ห้องสมุดวิทยาเขตสวรรค์ประชารักษ์
►หนังสือทั่วไป
บนชั้น

รายการใกล้เคียง
    ผู้แต่ง [Lewis Lansford]

    หัวเรื่อง [Listening]
    หัวเรื่อง [Speaking]

BibComment


ยังไม่เคยถูกคอมเมนท์

คอมเมนท์ทรัพยากรรายการนี้
  คอมเมนท์: Unlock Listening..


 Copyright 2026. Bcnsprnw @Library